Les races de chat - Statistiques

Statistiques générales
  • Ce quiz a été pris 562 fois
  • Le résultat moyen est 4 sur 15
Statistiques - réponses
Hint Réponse % Correct
11 Siamois
78%
1 Persan
67%
9 Chartreux
50%
4 Maine coon
48%
6 Sphinx
44%
5 Bengal
38%
7 Norvégien
24%
8 Sacré de Birmanie
23%
2 Birman
17%
15 Abyssin
14%
10 Bombay
3%
13 Burmese
2%
14 Exotic Shorthair
2%
12 Américain Shorthair
0%
3 Chat de l'île de man
0%
Aucun quiz correspondant
Distribution des résultats
% des personnes avec chaque résultat
Percentile par nombre de réponses
Votre historique - résultats
Vous n’avez pas pris ce quiz